[Event "Int SVK-ch Open 2020"]
[Site "Drienica"]
[Date "2020.08.07"]
[Round "1.13"]
[White "Tegda, Michal"]
[Black "Priechodsky, Radovan"]
[Result "0-1"]
[WhiteElo "1496"]
[BlackElo "1975"]
[Annotator "ChessBase"]
[PlyCount "72"]
[EventDate "2020.08.07"]
[EventType "swiss"]
[EventCountry "SVK"]
[SourceTitle "playchess.com"]
[Source "ChessBase"]
[SourceQuality "1"]
[TimeControl "40/5400+30:1800+30"]

1. e4 {[%emt 0:00:00]} b6 {[%emt 0:00:13]} 2. Nc3 {[%emt 0:00:39]} e6 {[%emt 0:00:10]} 3. d4 {[%emt 0:00:46]} Bb7 {[%emt 0:00:30]} 4. Nf3 {[%emt 0:00:56]} Bb4 {[%emt 0:00:16]} 5. Qd3 {[%emt 0:04:09]} Nf6 {[%emt 0:16:30]} 6. e5 {[%emt 0:11:52]} Ne4 {[%emt 0:09:28]} 7. a3 {[%emt 0:05:47]} Bxc3+ {[%emt 0:00:42]} 8. bxc3 {[%emt 0:00:09]} d5 {[%emt 0:02:34]} 9. c4 {[%emt 0:04:57]} Ba6 {[%emt 0:13:07]} 10. Qb3 {[%emt 0:02:42]} O-O {[%emt 0:00:55]} 11. Nd2 {[%emt 0:01:44]} Qh4 {[%emt 0:27:50]} 12. g3 {[%emt 0:14:22]} Nxd2 {[%emt 0:00:11]} 13. gxh4 {[%emt 0:01:02]} Nxb3 {[%emt 0:00:08]} 14. cxb3 {[%emt 0:00:12]} Nd7 {[%emt 0:03:48]} 15. h5 {[%emt 0:03:42]} c5 {[%emt 0:03:28]} 16. Be3 {[%emt 0:01:37]} cxd4 {[%emt 0:01:25]} 17. Bxd4 {[%emt 0:00:35]} dxc4 {[%emt 0:00:33]} 18. bxc4 {[%emt 0:01:03]} Rac8 {[%emt 0:00:38]} 19. Rc1 {[%emt 0:00:55]} h6 {[%emt 0:00:44]} 20. Rg1 {[%emt 0:00:37]} Kh8 {[%emt 0:01:36]} 21. Rc3 {[%emt 0:01:54]} Nc5 {[%emt 0:03:50]} 22. Rg4 {[%emt 0:03:43]} Rcd8 {[%emt 0:01:34]} 23. Kd2 {[%emt 0:03:30]} Rd7 {[%emt 0:01:48]} 24. Ke3 {[%emt 0:04:21]} Rfd8 {[%emt 0:01:27]} 25. Bxc5 {[%emt 0:11:18]} bxc5 {[%emt 0:00:13]} 26. Be2 {[%emt 0:01:17]} Rd4 {[%emt 0:01:51]} 27. Rc2 {[%emt 0:04:20]} Rxg4 {[%emt 0:02:09]} 28. Bxg4 {[%emt 0:00:20]} Rd4 {[%emt 0:00:21]} 29. Be2 {[%emt 0:03:35]} f5 {[%emt 0:03:02]} 30. f4 {[%emt 0:02:22]} Kg8 {[%emt 0:00:45]} 31. h3 {[%emt 0:01:58]} Kf7 {[%emt 0:00:45]} 32. Rc1 {[%emt 0:01:56]} Re4+ {[%emt 0:00:55]} 33. Kf3 {[%emt 0:00:40]} Rd4 {[%emt 0:00:29]} 34. Ke3 {[%emt 0:00:10]} Re4+ {[%emt 0:00:11]} 35. Kf3 {[%emt 0:00:08]} Bb7 {[%emt 0:00:11]} 36. Rc2 {[%emt 0:00:16]} Rxc4+ {[%emt 0:00:17]} 0-1

[Event "Int SVK-ch Open 2020"]
[Site "Drienica"]
[Date "2020.08.07"]
[Round "1.14"]
[White "Demeter Peter"]
[Black "Walterova Ema"]
[Result "1/2-1/2"]
[WhiteElo "2139"]
[BlackElo "1790"]
[Annotator "ChessBase"]
[PlyCount "68"]
[EventDate "2020.08.07"]
[EventType "swiss"]
[EventCountry "SVK"]
[SourceTitle "playchess.com"]
[Source "ChessBase"]
[SourceQuality "1"]
[TimeControl "40/5400+30:1800+30"]

1. c4 {[%emt 0:00:00]} c5 {[%emt 0:00:00]} 2. Nf3 {[%emt 0:00:00]} g6 {[%emt 0:00:00]} 3. Nc3 {[%emt 0:00:06]} Bg7 {[%emt 0:00:25]} 4. d4 {[%emt 0:00:09]} cxd4 {[%emt 0:05:01]} 5. Nxd4 {[%emt 0:00:22]} Nf6 {[%emt 0:00:37]} 6. e4 {[%emt 0:00:48]} d6 {[%emt 0:02:07]} 7. Be2 {[%emt 0:01:44]} O-O {[%emt 0:01:09]} 8. O-O {[%emt 0:00:13]} Nbd7 {[%emt 0:06:54]} 9. Be3 {[%emt 0:00:54]} Nc5 {[%emt 0:04:48]} 10. f3 {[%emt 0:03:33]} b6 {[%emt 0:13:02]} 11. Qd2 {[%emt 0:02:46]} Bb7 {[%emt 0:07:20]} 12. Rac1 {[%emt 0:02:04]} Qd7 {[%emt 0:02:45]} 13. Rfd1 {[%emt 0:02:45]} Rfd8 {[%emt 0:05:44]} 14. Bg5 {[%emt 0:15:04]} Ne6 {[%emt 0:07:30]} 15. Nxe6 {[%emt 0:02:12]} Qxe6 {[%emt 0:02:39]} 16. Nd5 {[%emt 0:00:32]} Rac8 {[%emt 0:02:45]} 17. b3 {[%emt 0:02:52]} Rc6 {[%emt 0:10:37]} 18. Bf1 {[%emt 0:02:36]} Rc5 {[%emt 0:06:53]} 19. Be3 {[%emt 0:02:16]} Rcc8 {[%emt 0:00:31]} 20. a4 {[%emt 0:04:46]} Nxd5 {[%emt 0:04:47]} 21. cxd5 {[%emt 0:06:39]} Qe5 {[%emt 0:00:32]} 22. Bc4 {[%emt 0:00:47]} Rd7 {[%emt 0:04:13]} 23. a5 {[%emt 0:03:17]} bxa5 {[%emt 0:04:06]} 24. Qxa5 {[%emt 0:01:57]} a6 {[%emt 0:01:49]} 25. Bf1 {[%emt 0:06:21]} Rxc1 {[%emt 0:01:24]} 26. Rxc1 {[%emt 0:03:22]} f5 {[%emt 0:00:43]} 27. Qa4 {[%emt 0:04:59]} Rd8 {[%emt 0:00:37]} 28. Qb4 {[%emt 0:01:37]} Ba8 {[%emt 0:02:47]} 29. Bf2 {[%emt 0:07:40]} Qf4 {[%emt 0:01:09]} 30. Rc4 {[%emt 0:00:58]} Be5 {[%emt 0:00:41]} 31. Bg3 {[%emt 0:01:11]} Qe3+ {[%emt 0:00:16]} 32. Kh1 {[%emt 0:00:37]} Bxg3 {[%emt 0:00:14]} 33. hxg3 {[%emt 0:00:05]} Qh6+ {[%emt 0:00:08]} 34. Kg1 {[%emt 0:00:08]} Qe3+ {[%emt 0:00:09]} 1/2-1/2

[Event "Int SVK-ch Open 2020"]
[Site "Drienica"]
[Date "2020.08.07"]
[Round "1.14"]
[White "Skovran, Jaroslav"]
[Black "Kulich, Daniel"]
[Result "1-0"]
[WhiteElo "1975"]
[BlackElo "1492"]
[Annotator "TA"]
[PlyCount "137"]
[EventDate "2020.08.07"]
[EventType "swiss"]
[EventCountry "SVK"]
[SourceTitle "playchess.com"]
[Source "ChessBase"]
[SourceQuality "1"]

{[%evp 13,137,20,33,-12,-16,-24,-16,-13,57,-21,-31,-16,-25,-69,-82,-78,-68,-71,-62,-79,-44,-109,-42,-53,-22,-44,-38,-50,-47,-42,-15,-29,0,-18,-6,-21,-17,-28,-26,-22,0,0,22,30,16,29,31,2,27,0,0,0,72,77,91,69,108,108,108,108,108,108,108,63,82,83,75,75,79,59,58,0,8,8,8,8,42,0,0,-15,-15,-1293,18,0,4,0,20,37,116,84,284,272,1172,1180,1147,1147,7827,5064,29966,29963,5907,12814,29984,29985,29985,29986,29985,29986,29986,29987,29988,29989,29992,29989,29989,29989,29990,29991,29992,29992,29994,29994,29996,29997,29997,5943]} 1. e4 c6 2. d4 d5 3. exd5 cxd5 4. Bd3 Nc6 5. c3 Nf6 6. Bf4 Bg4 7. Qb3 Qd7 {The main line 7...Qd7 scores better than 7...Qc8.} 8. f3 {B13: Caro-Kann: Exchange Variation and Panov-Botvinnik Attack.} Bh5 9. Ne2 e6 10. Nd2 {The position is equal.} Bd6 {[#]} (10... Bg6 $11 11. Bxg6 hxg6) 11. Bg5 $146 ({Better is} 11. Bxd6 $14 Qxd6 12. Qxb7 (12. g4 Bg6 $11)) ({Predecessor:} 11. O-O Bg6 12. Bxg6 hxg6 13. Rae1 O-O-O 14. Bxd6 Qxd6 15. f4 g5 16. Qa4 gxf4 17. Nxf4 {0-1 (30) Norman,D (2053)-Gilbert,J (2040) Birmingham 2001}) 11... Bg6 12. Bxg6 hxg6 13. Bxf6 gxf6 14. O-O-O O-O-O 15. f4 Qc7 16. g3 Bf8 17. Nf3 (17. Kb1 $15) 17... Bg7 (17... Na5 $17 18. Qa4 Kb8) 18. Kb1 Rd6 19. Nc1 Na5 20. Qb5 Rb6 21. Qc5 Nc4 {Threatens to win with ...Qxc5.} 22. Nd3 Bf8 23. Qxc7+ Kxc7 24. Kc1 Ra6 25. Kb1 Be7 26. h4 b5 27. Rde1 Rb8 28. g4 b4 29. cxb4 Bxb4 30. Rc1 (30. Re2 {looks sharper.} Rc6 31. Ka1 Nd6 32. Reh2 Ba5 33. g5) 30... Kd6 31. Nxb4 Rxb4 32. b3 Rab6 (32... Na3+ $11 {keeps the balance.} 33. Kb2 Nc4+ 34. Kb1 (34. Kc3 Rb8 $15) 34... Na3+ 35. Kb2 Nc4+ 36. Kb1 (36. Kc3 Rb8 $11)) 33. h5 $16 gxh5 34. gxh5 {And now h6 would win.} a5 35. h6 {aiming for h7.} Rb8 {and if ...a4 works, Black does fine.} 36. h7 Rh8 37. Rcg1 Rbb8 38. Rg8 Rbxg8 39. hxg8=Q Rxg8 40. bxc4 dxc4 $14 {[%mdl 4096] Endgame KRN-KR} 41. Rc1 Kd5 42. f5 ({White should try} 42. Nd2 $14) 42... Rg3 43. fxe6 fxe6 44. Rc3 f5 45. Ra3 f4 46. Rxa5+ Ke4 47. Nd2+ $2 {[%mdl 8192] [#]} (47. Ng5+ $11 Kd3 48. Nxe6 Rg1+ 49. Kb2 c3+ 50. Kb3 Rb1+ 51. Ka4) 47... Kxd4 $2 (47... Kd3 $1 $19 48. Nxc4 Kxc4) 48. Kc2 Rg2 49. Ra4 Ke3 50. Ra3+ Ke2 {White leaves nothing to chance now.} ({Black should play} 50... Kd4 $14) 51. Nxc4 f3 $2 (51... Ke1+ $16 52. Kd3 f3) 52. Re3+ $18 Kf1+ $2 (52... Kf2 53. Kd3 (53. Rxe6 Kg1+ 54. Nd2 f2 $16) 53... Rg1) 53. Nd2+ {[%mdl 64] [#] Double Attack} Kf2 54. Rxf3+ Kg1 55. a4 e5 56. Ra3 Kf2 57. a5 Rg4 58. a6 {White mates.} Rg8 59. a7 Rc8+ 60. Kd1 Ra8 61. Ne4+ Kg2 62. Ke2 Kh2 63. Nd6 e4 64. Nb5 e3 65. Nc7 Rf8 66. a8=Q Rf2+ 67. Ke1 Rf1+ 68. Kxf1 {[%csl Gf1][%cal Ra8g2]} e2+ 69. Kxe2 {Accuracy: White = 71%, Black = 53%.} 1-0

[Event "Int SVK-ch Open 2020"]
[Site "Drienica"]
[Date "2020.08.07"]
[Round "1.15"]
[White "Soldan Jan"]
[Black "Kravec Patrik"]
[Result "0-1"]
[WhiteElo "1783"]
[BlackElo "2119"]
[Annotator "ChessBase"]
[PlyCount "58"]
[EventDate "2020.08.07"]
[EventType "swiss"]
[EventCountry "SVK"]
[SourceTitle "playchess.com"]
[Source "ChessBase"]
[SourceQuality "1"]
[TimeControl "40/5400+30:1800+30"]

1. e4 {[%emt 0:00:00]} c5 {[%emt 0:00:00]} 2. Nf3 {[%emt 0:00:00]} Nc6 {[%emt 0:00:26]} 3. d4 {[%emt 0:00:00]} cxd4 {[%emt 0:00:11]} 4. Nxd4 {[%emt 0:00:09]} Nf6 {[%emt 0:00:35]} 5. Nc3 {[%emt 0:00:06]} d6 {[%emt 0:00:04]} 6. Be3 {[%emt 0:03:27]} Bd7 {[%emt 0:01:36]} 7. Bd3 {[%emt 0:02:33]} Ng4 {[%emt 0:01:09]} 8. O-O {[%emt 0:02:40]} Nxe3 {[%emt 0:04:53]} 9. fxe3 {[%emt 0:00:09]} Ne5 {[%emt 0:00:39]} 10. Nf3 {[%emt 0:05:53]} Ng4 {[%emt 0:07:18]} 11. Qd2 {[%emt 0:00:51]} e6 {[%emt 0:11:13]} 12. h3 {[%emt 0:00:17]} Nf6 {[%emt 0:06:31]} 13. e5 {[%emt 0:00:38]} dxe5 {[%emt 0:05:39]} 14. Nxe5 {[%emt 0:00:21]} Bc6 {[%emt 0:03:10]} 15. Nxc6 {[%emt 0:05:25]} bxc6 {[%emt 0:00:26]} 16. Rf3 {[%emt 0:04:42]} Be7 {[%emt 0:01:20]} 17. Raf1 {[%emt 0:00:15]} O-O {[%emt 0:00:45]} 18. Qf2 {[%emt 0:00:28]} Rb8 {[%emt 0:05:26]} 19. a3 {[%emt 0:07:06]} Rxb2 {[%emt 0:02:49]} 20. Qh4 {[%emt 0:00:51]} h6 {[%emt 0:01:35]} 21. Rg3 {[%emt 0:04:42]} Kh8 {[%emt 0:03:25]} 22. Rxf6 {[%emt 0:12:21]} Bxf6 {[%emt 0:00:50]} 23. Qe4 {[%emt 0:00:08]} g6 {[%emt 0:01:33]} 24. Rxg6 {[%emt 0:00:12]} fxg6 {[%emt 0:02:28]} 25. Qxg6 {[%emt 0:00:08]} Qe7 {[%emt 0:04:38]} 26. Qxh6+ {[%emt 0:01:32]} Kg8 {[%emt 0:00:15]} 27. Ne4 {[%emt 0:03:57]} Qg7 {[%emt 0:01:51]} 28. Nxf6+ {[%emt 0:00:36]} Rxf6 {[%emt 0:00:13]} 29. Bh7+ {[%emt 0:00:58]} Kf8 {[%emt 0:01:45]} 0-1

[Event "Int SVK-ch Open 2020"]
[Site "Drienica"]
[Date "2020.08.07"]
[Round "1.15"]
[White "Ihnat, Marek"]
[Black "Majek, Kacper"]
[Result "0-1"]
[WhiteElo "1490"]
[BlackElo "1970"]
[Annotator "ChessBase"]
[PlyCount "66"]
[EventDate "2020.08.07"]
[EventType "swiss"]
[EventCountry "SVK"]
[SourceTitle "playchess.com"]
[Source "ChessBase"]
[SourceQuality "1"]
[TimeControl "40/5400+30:1800+30"]

1. e4 {[%emt 0:00:00]} e5 {[%emt 0:00:00]} 2. Nf3 {[%emt 0:00:00]} Nc6 {[%emt 0:00:00]} 3. Bb5 {[%emt 0:00:05]} a6 {[%emt 0:00:00]} 4. Ba4 {[%emt 0:00:06]} Nf6 {[%emt 0:00:00]} 5. O-O {[%emt 0:00:54]} Be7 {[%emt 0:00:00]} 6. Re1 {[%emt 0:00:17]} b5 {[%emt 0:00:00]} 7. Bb3 {[%emt 0:00:07]} O-O {[%emt 0:00:06]} 8. c3 {[%emt 0:00:54]} d6 {[%emt 0:00:05]} 9. d4 {[%emt 0:02:06]} Bg4 {[%emt 0:00:22]} 10. Bc2 {[%emt 0:03:30]} Bxf3 {[%emt 0:02:13]} 11. gxf3 {[%emt 0:00:54]} Nh5 {[%emt 0:01:13]} 12. Kh1 {[%emt 0:01:12]} Bg5 {[%emt 0:00:47]} 13. Be3 {[%emt 0:02:29]} Bf4 {[%emt 0:00:27]} 14. Rg1 {[%emt 0:02:17]} Qh4 {[%emt 0:01:40]} 15. Bxf4 {[%emt 0:00:57]} Nxf4 {[%emt 0:00:08]} 16. d5 {[%emt 0:02:14]} Nh3 {[%emt 0:01:15]} 17. Rg2 {[%emt 0:02:59]} Ne7 {[%emt 0:01:07]} 18. Qe1 {[%emt 0:04:45]} f5 {[%emt 0:10:04]} 19. Nd2 {[%emt 0:02:05]} Nf4 {[%emt 0:05:05]} 20. Rg3 {[%emt 0:01:00]} Rf6 {[%emt 0:01:27]} 21. Qg1 {[%emt 0:06:16]} Nh5 {[%emt 0:02:26]} 22. Rg2 {[%emt 0:02:47]} Qf4 {[%emt 0:12:02]} 23. Rd1 {[%emt 0:04:02]} Kh8 {[%emt 0:08:12]} 24. exf5 {[%emt 0:04:36]} Nxf5 {[%emt 0:03:06]} 25. Rg4 {[%emt 0:00:36]} Qh6 {[%emt 0:03:05]} 26. Ne4 {[%emt 0:02:27]} Rff8 {[%emt 0:01:59]} 27. Ng5 {[%emt 0:20:50]} Nf4 {[%emt 0:00:38]} 28. Bxf5 {[%emt 0:11:10]} Rxf5 {[%emt 0:00:07]} 29. Qg3 {[%emt 0:10:42]} Raf8 {[%emt 0:00:35]} 30. Rd2 {[%emt 0:09:46]} Rxg5 {[%emt 0:02:28]} 31. Rxg5 {[%emt 0:01:41]} Nh3 {[%emt 0:00:06]} 32. Rxg7 {[%emt 0:00:00]} Qxd2 {[%emt 0:00:00]} 33. Qxh3 {[%emt 0:00:00]} Kxg7 {[%emt 0:00:00]} 0-1

[Event "Int SVK-ch Open 2020"]
[Site "Drienica"]
[Date "2020.08.07"]
[Round "1.16"]
[White "Verbovsky Michal"]
[Black "Elias David"]
[Result "1-0"]
[WhiteElo "2113"]
[BlackElo "1781"]
[Annotator "ChessBase"]
[PlyCount "110"]
[EventDate "2020.08.07"]
[EventType "swiss"]
[EventCountry "SVK"]
[SourceTitle "playchess.com"]
[Source "ChessBase"]
[SourceQuality "1"]
[TimeControl "40/5400+30:1800+30"]

1. Nf3 {[%emt 0:00:00]} c5 {[%emt 0:00:57]} 2. g3 {[%emt 0:00:24]} d5 {[%emt 0:00:16]} 3. Bg2 {[%emt 0:00:21]} Nc6 {[%emt 0:00:08]} 4. O-O {[%emt 0:00:26]} e5 {[%emt 0:01:16]} 5. d3 {[%emt 0:00:40]} Nf6 {[%emt 0:01:58]} 6. Bg5 {[%emt 0:01:53]} Be7 {[%emt 0:01:46]} 7. Nbd2 {[%emt 0:07:43]} Be6 {[%emt 0:07:34]} 8. c3 {[%emt 0:04:18]} O-O {[%emt 0:06:36]} 9. Bxf6 {[%emt 0:01:15]} Bxf6 {[%emt 0:00:30]} 10. Qc2 {[%emt 0:03:25]} Qd7 {[%emt 0:03:46]} 11. Rfe1 {[%emt 0:16:09]} Rfd8 {[%emt 0:02:27]} 12. Rad1 {[%emt 0:01:22]} Rac8 {[%emt 0:03:15]} 13. h4 {[%emt 0:24:13]} h6 {[%emt 0:14:24]} 14. a4 {[%emt 0:03:10]} a6 {[%emt 0:10:11]} 15. e4 {[%emt 0:21:32]} d4 {[%emt 0:03:34]} 16. Nc4 {[%emt 0:02:41]} Qc7 {[%emt 0:02:12]} 17. Na3 {[%emt 0:01:06]} dxc3 {[%emt 0:04:24]} 18. bxc3 {[%emt 0:00:38]} Na5 {[%emt 0:06:11]} 19. c4 {[%emt 0:01:14]} Nc6 {[%emt 0:01:15]} 20. Qc3 {[%emt 0:01:01]} Nd4 {[%emt 0:01:02]} 21. Nxd4 {[%emt 0:01:42]} cxd4 {[%emt 0:00:18]} 22. Qb3 {[%emt 0:00:55]} Bd7 {[%emt 0:07:30]} 23. Nc2 {[%emt 0:01:29]} Qc6 {[%emt 0:02:08]} 24. a5 {[%emt 0:02:38]} Qa4 {[%emt 0:08:25]} 25. Qxa4 {[%emt 0:00:31]} Bxa4 {[%emt 0:00:02]} 26. Rd2 {[%emt 0:00:35]} Rc5 {[%emt 0:02:15]} 27. Ra1 {[%emt 0:00:29]} Bxc2 {[%emt 0:00:59]} 28. Rxc2 {[%emt 0:00:10]} Rd7 {[%emt 0:05:49]} 29. Bh3 {[%emt 0:00:22]} Rdc7 {[%emt 0:00:14]} 30. Rb2 {[%emt 0:00:45]} Kf8 {[%emt 0:01:14]} 31. Kg2 {[%emt 0:00:23]} Bd8 {[%emt 0:00:49]} 32. Bg4 {[%emt 0:00:56]} Re7 {[%emt 0:01:16]} 33. Rba2 {[%emt 0:00:38]} g6 {[%emt 0:00:39]} 34. Bh3 {[%emt 0:01:16]} f6 {[%emt 0:00:31]} 35. Kf3 {[%emt 0:00:24]} Rf7 {[%emt 0:00:08]} 36. Be6 {[%emt 0:00:31]} Re7 {[%emt 0:00:16]} 37. Bd5 {[%emt 0:00:10]} f5 {[%emt 0:00:28]} 38. Ra4 {[%emt 0:00:57]} Ke8 {[%emt 0:01:05]} 39. h5 {[%emt 0:00:30]} fxe4+ {[%emt 0:00:43]} 40. Kxe4 {[%emt 0:00:08]} gxh5 {[%emt 0:01:16]} 41. Kf5 {[%emt 0:14:45]} Kf8 {[%emt 0:10:05]} 42. Kg6 {[%emt 0:12:42]} h4 {[%emt 0:03:33]} 43. gxh4 {[%emt 0:00:53]} Rg7+ {[%emt 0:00:57]} 44. Kh5 {[%emt 0:00:13]} Rh7 {[%emt 0:04:22]} 45. R4a2 {[%emt 0:00:43]} Rg7 {[%emt 0:02:48]} 46. Ra4 {[%emt 0:01:22]} Rh7 {[%emt 0:04:25]} 47. R4a3 {[%emt 0:00:12]} Rg7 {[%emt 0:00:58]} 48. R3a2 {[%emt 0:00:26]} Rh7 {[%emt 0:01:24]} 49. Kg6 {[%emt 0:00:56]} Rg7+ {[%emt 0:01:49]} 50. Kh5 {[%emt 0:00:44]} Rh7 {[%emt 0:01:53]} 51. Kg6 {[%emt 0:00:03]} Rg7+ {[%emt 0:00:05]} 52. Kf5 {[%emt 0:00:27]} Re7 {[%emt 0:01:44]} 53. Rg1 {[%emt 0:00:58]} Rg7 {[%emt 0:01:15]} 54. Rga1 {[%emt 0:00:15]} Re7 {[%emt 0:00:43]} 55. h5 {[%emt 0:02:55]} Rg7 {[%emt 0:01:42]} 1-0

[Event "Int SVK-ch Open 2020"]
[Site "Drienica"]
[Date "2020.08.07"]
[Round "1.16"]
[White "Svobodova, Michaela"]
[Black "Gulas, Gabriel"]
[Result "1-0"]
[WhiteElo "1964"]
[BlackElo "1472"]
[Annotator "ChessBase"]
[PlyCount "59"]
[EventDate "2020.08.07"]
[EventType "swiss"]
[EventCountry "SVK"]
[SourceTitle "playchess.com"]
[Source "ChessBase"]
[SourceQuality "1"]
[TimeControl "40/5400+30:1800+30"]

1. e4 {[%emt 0:00:00]} e6 {[%emt 0:00:00]} 2. d4 {[%emt 0:00:01]} d5 {[%emt 0:00:00]} 3. Nc3 {[%emt 0:00:36]} dxe4 {[%emt 0:00:22]} 4. Nxe4 {[%emt 0:00:14]} Bd7 {[%emt 0:00:42]} 5. Nf3 {[%emt 0:02:08]} Bc6 {[%emt 0:00:15]} 6. Ned2 {[%emt 0:04:13]} Nd7 {[%emt 0:03:42]} 7. Bd3 {[%emt 0:03:10]} Ngf6 {[%emt 0:02:19]} 8. O-O {[%emt 0:01:38]} Be7 {[%emt 0:04:15]} 9. Nc4 {[%emt 0:03:40]} b6 {[%emt 0:02:42]} 10. Nce5 {[%emt 0:05:37]} Nxe5 {[%emt 0:01:33]} 11. Nxe5 {[%emt 0:03:49]} Bb7 {[%emt 0:00:24]} 12. Bb5+ {[%emt 0:02:34]} Kf8 {[%emt 0:02:14]} 13. Nc6 {[%emt 0:05:36]} Qd6 {[%emt 0:05:46]} 14. Nxe7 {[%emt 0:09:19]} Kxe7 {[%emt 0:01:15]} 15. a4 {[%emt 0:10:35]} Rhd8 {[%emt 0:05:15]} 16. c3 {[%emt 0:04:54]} Kf8 {[%emt 0:06:31]} 17. b3 {[%emt 0:02:31]} Kg8 {[%emt 0:01:42]} 18. Re1 {[%emt 0:02:11]} c5 {[%emt 0:02:18]} 19. Be3 {[%emt 0:03:07]} Nd5 {[%emt 0:02:13]} 20. Qg4 {[%emt 0:09:20]} Nxc3 {[%emt 0:03:30]} 21. Bg5 {[%emt 0:05:07]} Qxd4 {[%emt 0:03:41]} 22. Qh3 {[%emt 0:02:19]} Rd6 {[%emt 0:06:15]} 23. Bc4 {[%emt 0:03:24]} Bd5 {[%emt 0:07:12]} 24. Be3 {[%emt 0:02:03]} Qf6 {[%emt 0:01:31]} 25. Qg3 {[%emt 0:04:03]} Rd7 {[%emt 0:06:09]} 26. Rac1 {[%emt 0:03:35]} Bxc4 {[%emt 0:01:01]} 27. bxc4 {[%emt 0:00:25]} Rad8 {[%emt 0:03:26]} 28. Bg5 {[%emt 0:03:28]} Ne2+ {[%emt 0:00:23]} 29. Rxe2 {[%emt 0:00:29]} Rd1+ {[%emt 0:00:11]} 30. Re1 {[%emt 0:00:17]} 1-0

[Event "Int SVK-ch Open 2020"]
[Site "Drienica"]
[Date "2020.08.07"]
[Round "1.17"]
[White "Tomcikova Zuzana"]
[Black "Ferkova Dominika"]
[Result "1/2-1/2"]
[WhiteElo "1776"]
[BlackElo "2111"]
[Annotator "ChessBase"]
[PlyCount "91"]
[EventDate "2020.08.07"]
[EventType "swiss"]
[EventCountry "SVK"]
[SourceTitle "playchess.com"]
[Source "ChessBase"]
[SourceQuality "1"]
[TimeControl "40/5400+30:1800+30"]

1. e4 {[%emt 0:00:00]} c6 {[%emt 0:00:00]} 2. d4 {[%emt 0:00:00]} d5 {[%emt 0:00:00]} 3. Nc3 {[%emt 0:00:02]} dxe4 {[%emt 0:00:00]} 4. Nxe4 {[%emt 0:00:08]} Bf5 {[%emt 0:00:00]} 5. Ng3 {[%emt 0:00:11]} Bg6 {[%emt 0:00:01]} 6. h4 {[%emt 0:00:38]} h6 {[%emt 0:00:07]} 7. h5 {[%emt 0:00:08]} Bh7 {[%emt 0:00:04]} 8. Nf3 {[%emt 0:00:49]} e6 {[%emt 0:02:22]} 9. Bd3 {[%emt 0:01:23]} Bxd3 {[%emt 0:00:20]} 10. Qxd3 {[%emt 0:00:10]} Nf6 {[%emt 0:01:09]} 11. Bd2 {[%emt 0:03:42]} Nbd7 {[%emt 0:00:22]} 12. O-O-O {[%emt 0:02:17]} Be7 {[%emt 0:00:21]} 13. Ne4 {[%emt 0:05:41]} Nxe4 {[%emt 0:00:18]} 14. Qxe4 {[%emt 0:00:07]} Nf6 {[%emt 0:00:11]} 15. Qe2 {[%emt 0:00:25]} Qd5 {[%emt 0:00:08]} 16. c4 {[%emt 0:04:42]} Qe4 {[%emt 0:00:33]} 17. Qxe4 {[%emt 0:04:24]} Nxe4 {[%emt 0:00:10]} 18. Be3 {[%emt 0:01:45]} f5 {[%emt 0:00:51]} 19. g3 {[%emt 0:08:06]} Bg5 {[%emt 0:04:49]} 20. Bxg5 {[%emt 0:21:21]} hxg5 {[%emt 0:01:11]} 21. Rh2 {[%emt 0:00:32]} Rd8 {[%emt 0:10:49]} 22. Ne5 {[%emt 0:04:54]} Nf6 {[%emt 0:02:39]} 23. Nf3 {[%emt 0:03:35]} Ng4 {[%emt 0:01:16]} 24. Rg2 {[%emt 0:00:39]} Rxh5 {[%emt 0:00:37]} 25. Re1 {[%emt 0:03:24]} Kf7 {[%emt 0:04:55]} 26. Re2 {[%emt 0:06:10]} Nf6 {[%emt 0:12:31]} 27. Rg1 {[%emt 0:03:05]} g4 {[%emt 0:05:41]} 28. Ne5+ {[%emt 0:00:27]} Kg8 {[%emt 0:00:22]} 29. Rd1 {[%emt 0:02:13]} Rh2 {[%emt 0:02:35]} 30. a3 {[%emt 0:01:42]} g5 {[%emt 0:12:21]} 31. a4 {[%emt 0:09:28]} Rg2 {[%emt 0:02:50]} 32. a5 {[%emt 0:03:51]} a6 {[%emt 0:06:21]} 33. c5 {[%emt 0:06:20]} f4 {[%emt 0:16:18]} 34. gxf4 {[%emt 0:00:30]} gxf4 {[%emt 0:00:09]} 35. Ng6 {[%emt 0:00:15]} f3 {[%emt 0:07:39]} 36. Rxe6 {[%emt 0:00:08]} Kf7 {[%emt 0:00:15]} 37. Nf4 {[%emt 0:00:17]} Rxf2 {[%emt 0:00:12]} 38. Re5 {[%emt 0:01:18]} g3 {[%emt 0:00:49]} 39. Nh3 {[%emt 0:00:28]} Rxd4 {[%emt 0:06:56]} 40. Rxd4 {[%emt 0:02:50]} Rf1+ {[%emt 0:00:26]} 41. Rd1 {[%emt 0:31:36]} Rxd1+ {[%emt 0:07:02]} 42. Kxd1 {[%emt 0:00:00]} f2 {[%emt 0:00:14]} 43. Nxf2 {[%emt 0:00:00]} gxf2 {[%emt 0:00:14]} 44. Rf5 {[%emt 0:00:00]} Ke6 {[%emt 0:00:06]} 45. Rxf2 {[%emt 0:00:00]} Ne4 {[%emt 0:00:08]} 46. Rc2 {[%emt 0:00:00]} 1/2-1/2